Geografía 2: américa /
Guardado en:
| Autor Principal: | |
|---|---|
| Otros Autores: | , |
| Formato: | Libro |
| Publicado: |
Buenos Aires :
Estación Mandioca,
2011
|
| Materias: | |
| Etiquetas: |
Agregar Etiqueta
Sin Etiquetas, Sea el primero en etiquetar este registro!
|
| LEADER | 01204nam a22002295a 4500 | ||
|---|---|---|---|
| 001 | CEM.cems013898 | ||
| 005 | 20130507165233.0 | ||
| 008 | 130507s2011##################000#0#####d | ||
| 003 | CEMS | ||
| 020 | |a 9789871651276 | ||
| 082 | 0 | 4 | |a 918 |
| 100 | 1 | |a Márquez, Mariana | |
| 245 | 1 | 0 | |a Geografía 2: américa / |c Mariana Márquez, Silvia Gómez y Marcela Carbajales |
| 260 | |a Buenos Aires : |b Estación Mandioca, |c 2011 | ||
| 300 | |a 192 p. | ||
| 505 | 0 | |a América Latina: la construcción de un espacio social -- Las herramientas de la geografía -- La organización política de los estados americanos -- Dinámica terrestre: la formación de relieves -- Dinámica terrestre: el agua -- Dinámica terrestre: climas y biomas en américa latina -- La población en América Latina -- La economía de los paises latinoamericanos -- Origen y evolución de américa anglosajona -- recursos naurales y problemas ambientales -- Ciudades latinoamericanas -- América latina en el sistema mundial | |
| 653 | |a Geografía | ||
| 653 | |a Geografía américana | ||
| 653 | |a Eduación secundaria | ||
| 700 | 1 | |a Gómez, Silvia | |
| 700 | 1 | |a Carbajales, Marcela | |
| 859 | |a CEMS |b BIB. CEMS - 11 de abril |h 918 |i M348 |p 26644.13 |t Ej.1 | ||
